000 01090pam a2200325 a 4500
001 4906876
003 OSt
005 20160728160252.0
008 940615s1995 nyu j 000 1 eng
010 _a 94027272
020 _a0679870881 :
_c$15.00
020 _a0679970886 :
_c$15.99
040 _aDLC
_cDLC
_dDLC
042 _alcac
050 0 0 _aPZ 7
_b.P2197Mi 1995
082 0 0 _aKF
_bP21m 1995
100 1 _aPark, Barbara.
_96412
245 1 0 _aMick Harte was here /
_cby Barbara Park.
260 _aNew York :
_bKnopf,
_cc1995.
300 _a89 p. :
_c22 cm.
562 _e1
650 1 _aBrothers and sisters
_xFiction.
_96907
650 1 _aDeath
_xFiction.
_96908
856 4 2 _3Contributor biographical information
_uhttp://www.loc.gov/catdir/bios/random051/94027272.html
856 4 2 _3Publisher description
_uhttp://www.loc.gov/catdir/description/random0410/94027272.html
906 _a7
_bcbc
_corignew
_d1
_eocip
_f19
_gy-gencatlg
942 _2lcc
_cBK
999 _c1328
_d1328